Cycling Champions - Statistics

General Stats
  • This quiz has been taken 37 times
    30 since last reset
  • The average score is 68 of 591
Answer Stats
Winner % Correct
Jonas Vingegaard
100%
Tadej Pogačar
100%
Chris Froome
93%
Wong Kam-po
93%
Mathieu van der Poel
89%
Primož Roglič
89%
Cho Ho-Sung,Zbigniew Wyrzkykowski
85%
Egan Bernal
85%
Remco Evenepoel
85%
Simon Yates
85%
Adri van der Poel
81%
Richard Carapaz
81%
Alberto Contador
78%
Cheung King Lok,Benjamin Thomas
78%
Eddy Merckx
78%
Geraint Thomas
78%
Lance Armstrong
78%
Mark Stewart,Benjamin Thomas
78%
Benjamin Thomas
74%
Julian Alaphilippe
74%
Mads Pedersen
74%
Peter Sagan
74%
Casper Pedersen
70%
Peder Pedersen
70%
Sepp Kuss
70%
Vincenzo Nibali
70%
Alejandro Valverde
63%
Bradley Wiggins
59%
Filippo Ganna
59%
Jai Hindley
59%
Luigi Ganna
59%
Bernard Hinault
56%
Nairo Quintana
56%
Tom Dumoulin
56%
Wout van Aert
56%
Andy Schleck
52%
Greg van Avermaet
52%
Tony Martin
52%
Marco Pantani
48%
Tom Boonen
48%
Fabian Cancellara
44%
Mark Cavendish
44%
Miguel Induráin
44%
Tao Geoghegan Hart
44%
Cadel Evans
41%
Fausto Coppi
41%
Jan Ullrich
41%
Michał Kwiatkowski
41%
Rui Costa
41%
Gino Bartali
37%
Greg LeMond
37%
Jacques Anquetil
37%
Louison Bobet
37%
Raymond Poulidor
37%
Tom Pidcock
37%
Alexander Vinokourov
33%
Andriy Vynokurov
33%
Bjarne Riis
33%
Ivan Basso
33%
Joop Zoetemelk
33%
Laurent Fignon
33%
Marino Basso
33%
Philippe Gilbert
33%
Sven Nys
33%
Carlos Sastre
30%
Elia Viviani
30%
Erik de Vlaeminck
30%
Jonathan Milan
30%
Roger de Vlaeminck
30%
Thor Hushovd
30%
Tobias Foss
30%
August Lehr
26%
Francesco Moser
26%
Freddy Maertens
26%
Hugo Koblet
26%
Laurent Jalabert
26%
Lucien van Impe
26%
Mario Cipollini
26%
Óscar Freire
26%
Sean Kelly
26%
Shane Kelly
26%
Stephen Roche
26%
Zachary Bell
26%
Alfredo Binda
22%
Charly Gaul
22%
Costante Girardengo
22%
Delio Rodríguez
22%
Denis Menchov
22%
Emilio Rodríguez
22%
Felice Gimondi
22%
Gianni Bugno
22%
Harrie Lavreysen
22%
Luis Ocaña
22%
Michele Scarponi
22%
Óscar Pereiro
22%
Paolo Bettini
22%
Rik van Looy
22%
Roberto Heras
22%
Rohan Dennis
22%
Samuel Sánchez
22%
Steve Hegg
22%
Abraham Olano
19%
Alex Zülle
19%
Bernard Thévenet
19%
Chris Horner
19%
Damiano Cunego
19%
Fabio Aru
19%
Federico Bahamontes
19%
Ferdinand Kübler
19%
Fiorenzo Magni
19%
Florian Vermeersch
19%
Gianni Vermeersch
19%
Giuseppe Saronni
19%
Jan Janssen
19%
Johan Museeuw
19%
Lucien Petit-Breton
19%
Matej Mohorič
19%
Moreno Argentin
19%
Pedro Delgado
19%
Philippe Thys
19%
Rik van Steenbergen
19%
Romain Maes
19%
Ryder Hesjedal
19%
Sylvère Maes
19%
Tony Rominger
19%
Alessandro Ballan
15%
Álvaro Pino
15%
Andreas Klöden
15%
Evgeni Berzin
15%
François Faber
15%
Hennie Kuiper
15%
Igor Astarloa
15%
Jan Raas
15%
Joseba Beloki
15%
Juan Martínez Oliver
15%
Louis Trousselier
15%
Lucas Liss
15%
Luis Herrera
15%
Maurice Garin
15%
Michael Rogers
15%
Niels Albert
15%
Ottavio Bottecchia
15%
Pascal Richard
15%
Pavel Tonkov
15%
Roger Walkowiak
15%
Rudi Altig
15%
Stefan Küng
15%
Tom Simpson
15%
Zdeněk Štybar
15%
Aitor González
11%
André Leducq
11%
Andrew Hampsten
11%
Antonin Magne
11%
Bart Wellens
11%
Bernardo Ruiz
11%
Chris Boardman
11%
Fernando Gaviria
11%
Firmin Lambot
11%
Frédéric Magné
11%
Gastone Nencini
11%
Georges Ronsse
11%
Georges Speicher
11%
Gerrie Knetemann
11%
Gianni Motta
11%
Gilberto Simoni
11%
Giovanni Brunero
11%
Gustave Garrigou
11%
Henri Cornet
11%
Henri Pélissier
11%
Ivan Gotti
11%
Jean-Pierre Monseré
11%
Jean Robic
11%
Jean Stablinski
11%
Jeffrey Hoogland
11%
Josh Tarling
11%
Josiah Ng On Lam
11%
Julián Berrendero
11%
Laurent Brochard
11%
Learco Guerra
11%
Luc Leblanc
11%
Marco Giovannetti
11%
Marino Lejarreta
11%
Matthew Richardson
11%
Maurice Dewaele
11%
Maurizio Fondriest
11%
Melcior Mauri
11%
Nicolas Frantz
11%
Octave Lapize
11%
Roger Lapébie
11%
Roger Pingeon
11%
Tiemen Groen
11%
Vasil Kiryienka
11%
Agustín Tamames
7%
Alex Edmondson
7%
Alfonso Calzolari
7%
André Darrigade
7%
Ángel Casero
7%
Angelino Soler
7%
Angelo Conterno
7%
Antonio Bevilacqua
7%
Antonio Suárez
7%
Arnaldo Pambianco
7%
Arnaud Tournant
7%
Ashton Lambie
7%
Azizulhasni Awang
7%
Bert Grabsch
7%
Cameron Meyer
7%
Carlo Clerici
7%
Carlo Galetti
7%
Carlo Oriani
7%
Chris Hoy
7%
Claude Criquielion
7%
Dalmacio Langarica
7%
Danilo di Luca
7%
Ed Clancy
7%
Edward van Dijck
7%
Éloi Meulenberg
7%
Ercole Baldini
7%
Éric Caritoux
7%
Fabio Casartelli
7%
Faustino Rupérez
7%
Fausto Bertoglio
7%
Ferdinand Bracke
7%
Francesco Camusso
7%
Francisco Gabica
7%
Franco Balmamion
7%
Franco Chioccioli
7%
François Pervis
7%
Frans de Mulder
7%
Gaetano Belloni
7%
Giovanni Battaglin
7%
Giovanni Valetti
7%
Gösta Pettersson
7%
Graeme Obree
7%
Grégory Baugé
7%
Gustaaf Deloor
7%
Hans Knecht
7%
Harm Ottenbros
7%
Henry Hansen
7%
Iúri Leitão
7%
Jack Bobridge
7%
Jamie Staff
7%
Jason Kenny
7%
Jason Queally
7%
Jean Dotto
7%
Jesús Loroño
7%
Johan de Muynck
7%
José Manuel Fuente
7%
José Manuel Moreno
7%
José Pesarrodona
7%
Josh Charlton
7%
Lars Boom
7%
Lasse Norman Hansen
7%
Léon Scieur
7%
Lucien Aimar
7%
Lucien Buysse
7%
Luigi Marchisio
7%
Marlon Pérez Arango,Glen Thompson
7%
Matthew Glaetzer
7%
Maximilian Levy
7%
Michel Pollentier
7%
Muhammad Shah Firdaus Sahrom
7%
Odile Defraye
7%
Oscar Camenzind
7%
Paolo Savoldelli
7%
Peter Latham
7%
René Pottier
7%
René Wolff
7%
Richard Groenendaal
7%
Roberto Visentini
7%
Rolf Wolfshohl
7%
Romāns Vainšteins
7%
Rudy Dhaenens
7%
Santiago Botero
7%
Stefano Garzelli
7%
Teun Mulder
7%
Tobias Hansen
7%
Vasco Bergamaschi
7%
Viatcheslav Ekimov
7%
Vittorio Adorni
7%
Wang Chongyang
7%
Willy Falck Hansen
7%
Albert Torres
4%
Albert Zweifel
4%
Alex Rasmussen
4%
Andreas Müller
4%
Benoni Beheyt
4%
Briek Schotte
4%
Campbell Stewart
4%
Charlie Tanfield
4%
Dan Frost
4%
Danny Clark
4%
Ethan Hayter
4%
Gerard Peters
4%
Giuseppe Enrici
4%
Gordon Johnson
4%
Heinz Müller
4%
Joachim Eilers
4%
Jules Hesters
4%
Koichi Nakano
4%
Lothar Thoms
4%
Marcel Kint
4%
Matthew Walls
4%
Matthijs Büchli
4%
Maurice Peeters
4%
Michael Hepburn
4%
Roger Rivière
4%
Serhiy Honchar
4%
Silvio Martinelli
4%
Thomas Boudat
4%
Tim Veldt
4%
Wasil Kiryjenka
4%
Aaron Gate
0%
Adrian Tekliński
0%
Akil Campbell
0%
Alain Bondue
0%
Albert Taillandier
0%
Albert van Damme
0%
Aleksandr Kirichenko
0%
Alexander Serov
0%
Alexander Symonenko
0%
Alexi Grewal
0%
Aliaksandr Lisouski
0%
Alois Kaňkovský
0%
Andrea Collinelli
0%
Andreas Graf
0%
André Dufraisse
0%
André Noyelle
0%
Antonio Maspes
0%
Antonio Pesenti
0%
Anton Tkáč
0%
Arie van Vliet
0%
Aristidis Konstantinidis
0%
Armand Blanchonnet
0%
Arnaud Duble
0%
Arthur Zimmerman
0%
Artur Ershov
0%
Attilio Pavesi
0%
Ben Kersten
0%
Ben Swift
0%
Bernt Johansson
0%
Bert Oosterbosch
0%
Bob Spears
0%
Brad McGee
0%
Bruno Risi
0%
Bryan Coquard
0%
Chris Newton
0%
Christian Vande Velde
0%
Christos Volikakis
0%
Claudio Golinelli
0%
Claudio Imhof
0%
Colbey Pearce
0%
Colin Sturgess
0%
Corbin Strong
0%
Craig McLean
0%
Damian Zieliński
0%
Damien Pommereau
0%
Daniel Crista
0%
Daniele Pontoni
0%
Daniel Morelon
0%
Daniel Rébillard
0%
Daniel Wyder
0%
Danny de Bie
0%
Darryn Hill
0%
Davide Plebani
0%
Denis Dmitriev
0%
Dieter Runkel
0%
Dirk Baert
0%
Dirk Jan van Hameren
0%
Domenic Weinstein
0%
Dominique Arnould
0%
Donavan Grondin
0%
Dunc Gray
0%
Dylan Bibic
0%
Edmond Jacquelin
0%
Edward Dawkins
0%
Edwin Ávila
0%
Eiya Hashimoto
0%
Eloy Teruel
0%
Émile Friol
0%
Enrico Brusconi
0%
Enzo Sacchi
0%
Ernst Kaufmann
0%
Erwin Vervecken
0%
Ethan Vernon
0%
Etienne de Wilde
0%
Fabián Puerta
0%
Federico Paris
0%
Florian Rousseau
0%
Francis Moreau
0%
Franco Marvulli
0%
Frank Kramer
0%
Frank Perque
0%
Franz Stocher
0%
Fredy Schmidtke
0%
Gabriel Ovidio Curuchet,Roland Garber
0%
Gabriel Poulain
0%
Gary Neiwand
0%
Gary Neiwand,Michael Hübner
0%
Gavin Hoover
0%
George Banker
0%
Gerrit Schulte
0%
Gintautas Umaras
0%
Giovanni Lombardi
0%
Giovanni Pettenella
0%
Giuseppe Beghetto
0%
Glenn O'Shea
0%
Gordon Singleton
0%
Graham Sharman
0%
Greg Henderson
0%
Gregor Braun
0%
Grzegorz Krejner
0%
Guido Messina
0%
Hans Henrik Ørsted
0%
Harry Stenqvist
0%
Harumi Honda
0%
Hayden Godfrey
0%
Henk Baars
0%
Henk Nijdam
0%
Hennie Stamsnijder
0%
Hugh Porter
0%
Ivan Kovalev
0%
Iver Lawson
0%
Ivo Oliveira
0%
Jacobus van Egmond
0%
Jacques Dupont
0%
Jai Angsuthasawit
0%
James Carney
0%
Jan Derksen
0%
Jan van Eijden
0%
Jan-Willem van Schip
0%
Jasper de Buyst
0%
Jean Aerts
0%
Jean-Michel Monin
0%
Jef Scherens
0%
Jenning Huizenga
0%
Jens Fiedler
0%
Jens Lehmann
0%
Jens Mouris
0%
Jens Veggerby
0%
Jérôme Neuville
0%
Jewhen Bolibruch
0%
Jimmi Madsen
0%
Jiří Daler
0%
Joanis Tamuridis
0%
Joan Llaneras
0%
Jobie Dajka
0%
John Nicholson
0%
Jonathan Dibben
0%
Jon Mould
0%
Jordan Kerby
0%
José Beyaert
0%
Kaiya Ota
0%
Karel Kaers
0%
Kazushige Kuboki
0%
Kento Yamasaki
0%
Kevin Quintero
0%
Kévin Sireau
0%
Kirill Sveshnikov
0%
Klaus-Jürgen Grünke
0%
Klaus-Peter Thaler
0%
Knut Knudsen
0%
Krysztof Maksel
0%
Kwok Ho Ting
0%
Laurent Biondi
0%
Laurent Gané
0%
Leandro Faggin
0%
Lech Piasecki
0%
Leigh Howard
0%
Leijn Loevesijn
0%
Levi Heimans
0%
Lindsay de Vylder
0%
Loïc Perizzolo
0%
Lucien Michard
0%
Łukasz Bujko
0%
Luke Roberts,Mauro Trentini
0%
Lutz Heßlich
0%
Major Taylor
0%
Mario de Clercq
0%
Mario Ghella
0%
Mario Zanin
0%
Mark Downey
0%
Mark French
0%
Mark Gorski
0%
Mark Renshaw
0%
Martyn Irvine
0%
Marty Nothstein
0%
Marty Nothstein,Curt Harnett
0%
Mateusz Rudyk
0%
Maurice Schilles
0%
Michael Freiberg
0%
Michael Hübner
0%
Michael Sandstød
0%
Michel Rousseau
0%
Michel Vaarten
0%
Mickaël Bourgain
0%
Mike Kluge
0%
Mike McCarthy
0%
Mikhail Ignatiev
0%
Morgan Kneisky
0%
Moritz Augenstein
0%
Moritz Malcharek
0%
Niels Fredborg
0%
Niklas Larsen
0%
Nobuyuki Tawara
0%
Olaf Ludwig
0%
Oscar Plattner
0%
Patrice Sulpice
0%
Patrick Sercu
0%
Paul Bourillon
0%
Paul Herygers
0%
Paul Masson
0%
Pavel Buráň
0%
Peter Schep
0%
Philippe Ermenault
0%
Pierfranco Vianelli
0%
Pierre Trentin
0%
Piet Moeskops
0%
Quentin Lafargue
0%
Radomír Šimůnek
0%
Reg Harris
0%
Renato Longo
0%
Robert Bartko
0%
Robert Charpentier
0%
Robert Dill-Bundi
0%
Robert Karśnicki
0%
Roberto Chiappa
0%
Roberto Chiappa,Laurent Gané
0%
Robert Protin
0%
Robert van Lancker
0%
Roger Beaufrand
0%
Roger Ilegems
0%
Roger Kluge
0%
Roger Rondeaux
0%
Roland Garber
0%
Roland Liboton
0%
Roman Luzyschyn
0%
Roy Schuiten
0%
Rudolph Lewis
0%
Russell Mockridge
0%
Ryan Bayley
0%
Sam Ligtlee
0%
Sam Welsford
0%
Sante Gaiardoni
0%
Santiago Ramírez
0%
Sean Eadie
0%
Sebastián Mora
0%
Serge Barbara
0%
Sergei Sukhoruchenkov
0%
Sergey Kolesnikov
0%
Sergi Escobar
0%
Shane Perkins
0%
Sid Patterson
0%
Silvio Martinello
0%
Simon van Velthooven
0%
Sören Lausberg
0%
Stan Ockers
0%
Stan Tourné
0%
Steele Bishop
0%
Stefan Bötticher
0%
Stefan Nimke
0%
Stefan Steinweg
0%
Stephen Pate
0%
Sylvain Chavanel
0%
Szymon Sajnok
0%
Taylor Phinney
0%
Theo Bos
0%
Theo Middelkamp
0%
Thorvald Ellegaard
0%
Tim Mertens
0%
Tomáš Bábek
0%
Tomas Vaitkus
0%
Toni Merkens
0%
Tony Doyle
0%
Tristan Marguet
0%
Unai Elorriaga
0%
Urs Freuler
0%
Valery Kaykov
0%
Victor Dupré
0%
Viktor Kapitonov
0%
Vitaliy Hryniv
0%
Vitaliy Shchedov
0%
Volodymyr Dyudya
0%
Volodymyr Rybin
0%
Walter Rütt
0%
William Tidball
0%
Willy Arend
0%
Wilson Meneses
0%
Yanne Dorenbos
0%
Yauheni Karaliok
0%
Yoeri Havik
0%
No matching quizzes found
Score Distribution
Percent of People with Each Score
Percentile by Number Answered
Your Score History
You have not taken this quiz since the last reset